| Tag |
First Indicator |
Second Indicator |
Subfields |
| LEADER |
00000cam a2200000 4500 |
| 001 |
in00003868430 |
| 005 |
20190415191254.0 |
| 006 |
m o d |
| 007 |
cr |n||||||||n |
| 008 |
790322s1717 enk|||| o 00||||eng c |
| 035 |
|
|
|a (CU-RivES)T25570
|
| 035 |
|
|
|a (Uk-ES)006224438
|
| 035 |
|
|
|a (OCoLC)508515250
|
| 040 |
|
|
|a Uk-ES
|c Uk-ES
|d CStRLIN
|d Cengage Gale
|d UtOrBLW
|
| 100 |
1 |
|
|a Montagu, Henry Browne,
|c Viscount,
|d -1717.
|0 http://id.loc.gov/authorities/names/nr91021705
|
| 245 |
1 |
0 |
|a Henry Lord Viscount Mountague, brother and heir of Francis late Lord Viscount Mountague, appellant. Sir George Maxwell, bart. and Mary Viscountess Dowager Mountague, his wife, who was widow and relict of the said Francis late Lord Viscount Mountague, respondents. The appellant's case.
|
| 264 |
|
1 |
|a [London] :
|b [publisher not identified],
|c [1717]
|
| 300 |
|
|
|a 1 online resource (4 pages)
|
| 336 |
|
|
|a text
|b txt
|2 rdacontent
|
| 337 |
|
|
|a computer
|b c
|2 rdamedia
|
| 338 |
|
|
|a online resource
|b cr
|2 rdacarrier
|
| 500 |
|
|
|a Case to be heard before the House of Lords: "Monday the first of April" (docket title).
|
| 500 |
|
|
|a Signed: Spencer Cowper, Sam. Mead.
|
| 509 |
|
|
|a Monday 1st April falls in 1717; Dt copies bound with House of Lords appeal cases for 1717
|
| 510 |
4 |
|
|a English Short Title Catalog,
|c T25570.
|
| 500 |
|
|
|a Reproduction of original from British Library.
|
| 500 |
|
|
|a Electronic resource.
|
| 650 |
|
0 |
|a Debtor and creditor
|v Early works to 1800.
|
| 650 |
|
0 |
|a Land tenure
|v Early works to 1800.
|
| 655 |
|
7 |
|a Electronic books.
|2 local
|
| 710 |
2 |
|
|a Gale (Firm)
|0 http://id.loc.gov/authorities/names/no2008071348
|
| 752 |
|
|
|a Great Britain
|b England
|d London.
|
| 856 |
4 |
0 |
|u http://proxy.library.tamu.edu/login?url=http://find.galegroup.com/ecco/infomark.do?contentSet=ECCOArticles&docType=ECCOArticles&bookId=1549602400&type=getFullCitation&tabID=T001&prodId=ECCO&docLevel=TEXT_GRAPHICS&version=1.0&source=library&userGroupName=txshracd2898
|z Connect to the full text of this electronic book
|t 0
|
| 999 |
f |
f |
|s 2e430bf1-8164-334d-bb57-fcc27d4e684f
|i 1126b7c3-8b28-308c-9994-3bb076ec5a1d
|t 0
|
| 952 |
f |
f |
|a Texas A&M University
|b College Station
|c Electronic Resources
|d Available Online
|t 0
|h No information provided
|
| 998 |
f |
f |
|t 0
|l Available Online
|